Hospodárske cykly USA v rokoch 1877-1982 a vzťah národných a svetových kríz a cyklov kandidátska dizertačná práca

Salvato in:
Dettagli Bibliografici
Autore principale: Belica, Miroslav
Ente Autore: Vysoká škola ekonomická v Bratislave. Národohospodárska fakulta
Altri autori: Rapoš, Pavol
Natura: Libro
Lingua:slovacco
Pubblicazione: Bratislava 1984
Tags: Aggiungi Tag
Nessun Tag, puoi essere il primo ad aggiungerne!!

MARC

LEADER 00000nam a2200000 4500
001 c035680
005 20221220085030.6
041 0 |a slo 
044 |a SK 
245 1 0 |a Hospodárske cykly USA v rokoch 1877-1982 a vzťah národných a svetových kríz a cyklov  |b kandidátska dizertačná práca  |c Miroslav Belica ; Ved. práce Pavol Rapoš 
264 1 |a Bratislava  |c 1984 
300 |a 183 s. 
100 1 |a Belica, Miroslav 
700 1 |a Rapoš, Pavol 
710 2 |a Vysoká škola ekonomická v Bratislave. Národohospodárska fakulta